<Ein> disaggregiertes Prognosesystem für die Bundesrepublik Deutschland

Na minha lista:
Detalhes bibliográficos
Autor principal: Kiy, Manfred
Formato: Livro
Idioma:alemão
Publicado em: Berlin Springer 1984
Colecção:Lecture Notes in Economics and Mathematical Systems 224
Tags: Adicionar Tag
Sem tags, seja o primeiro a adicionar uma tag!

MARC

LEADER 00000nam a2200000 4500
001 c104913
005 20041019155133.4
041 0 |a ger 
044 |a DE 
245 1 0 |a <Ein> disaggregiertes Prognosesystem für die Bundesrepublik Deutschland  |c Manfred Kiy 
264 1 |a Berlin  |b Springer  |c 1984 
300 |a 276 s. 
490 1 |a Lecture Notes in Economics and Mathematical Systems  |v 224 
830 0 |a Lecture Notes in Economics and Mathematical Systems  |v 224 
100 1 |a Kiy, Manfred